<?xml version="1.0" encoding="UTF-8"?>
<collection xmlns="http://www.loc.gov/MARC21/slim">
  <record>
    <leader>00000nam  2200000   4500</leader>
    <controlfield tag="001">INLIS000000000016790</controlfield>
    <controlfield tag="005">20240201022723</controlfield>
    <datafield tag="035" ind1="#" ind2="#">
      <subfield code="a">0010-0224000007</subfield>
    </datafield>
    <datafield tag="245" ind1="1" ind2="#">
      <subfield code="a">Proses Bisnis Monitoring Kegiatan Asistensi Pengajuan Dupak Jabatan Fungsional Tertentu di Lingkungan Kementerian Koperasi dan Usaha Kecil dan Menengah /</subfield>
      <subfield code="c">Jeffry Martin Monang</subfield>
    </datafield>
    <datafield tag="100" ind1=" " ind2="#">
      <subfield code="a">Jeffry Martin Monang</subfield>
    </datafield>
    <datafield tag="250" ind1="#" ind2="#">
      <subfield code="a">1</subfield>
    </datafield>
    <datafield tag="300" ind1="#" ind2="#">
      <subfield code="a">50 halaman ;</subfield>
      <subfield code="c">21 cm</subfield>
    </datafield>
    <datafield tag="856" ind1="#" ind2="#">
      <subfield code="a">Perpustakaan LAN Pusat</subfield>
    </datafield>
    <datafield tag="260" ind1="#" ind2="#">
      <subfield code="a">Jakarta :</subfield>
      <subfield code="b">Pusbangkader,</subfield>
      <subfield code="c">2021</subfield>
    </datafield>
    <datafield tag="084" ind1="#" ind2="#">
      <subfield code="a">R 080 LATSAR 2021</subfield>
    </datafield>
    <datafield tag="650" ind1="#" ind2="4">
      <subfield code="a">Monitoring</subfield>
    </datafield>
    <datafield tag="520" ind1="#" ind2="#">
      <subfield code="a">Identifikasi isu yang diangkat yakni (a) Belum terkelolanya secara teratur monitoring kegiatan asistensi pengajuan Dupak Jabatan Fungsional Tertentu di Lingkungan Kementerian Koperasi dan Usaha Kecil dan Menengah, (b) lambatnya proses pembuatan sertifikat bimbingan teknis dan atau diklat dari bagian SDM aparatur kementerian koperasi dan usaha kecil dan menengah, (c) belum adanya dashboard/tabel jadwal bimbingan teknis/sosialisasi/diklat/loka karya untuk jabatan fungsional di kementerian koperasi dan usaha kecil dan menengah. Adapun gagasan pemecahan isu adalah memberikan pemahaman bahwa pentingnya pengajuan DUPAK dalam Jabatan Fungsional tertentu, dan memberikan pemahaman terkait proses dna prosedur pengajuan Dupak dengan cara melakukan sosialisasi/bimbingan teknis dengan mengundang naraasumber dari Instansi Pembina setiap jabatan fungsional tertentu yang ada di kementerian koperasi dan UKM. (2) Menjalin koordinasi dan kerjasama dengan setiap instansi pembina jabatan fungsional tertentu yang ada di lingkungan kementerian koperasi dan usaha kecil dan menengah dalam hal membina jabatan fungsional tertentu serta pejabatan fungsionalnya khususnya dalam proses pengajuan Dupak hingga mendapatkan PAK dan rekomendasi dari instansi pembina. (3) Membuat sebuah sistem/mekanisme berupa draft proses bisnis monitoring kegiatan asistensi pengajuan Dupak jabatan fungsional tertentu di lingkungan kementerian koperasi dan usaha kecil dan menengah.</subfield>
    </datafield>
    <datafield tag="990" ind1="#" ind2="#">
      <subfield code="a">23.11.080</subfield>
    </datafield>
  </record>
</collection>
